000 00500nam a22001577a 4500
005 20231121134646.0
008 231121b |||||||| |||| 00| 0 eng d
041 _aEnglish
082 _a342.8 DUG
100 _aDugard, J
_lEnglish
245 _aHuman Rights and the South African Legal Order /
_cJ Dugard
260 _aNew Jersey :
_bPrinceton University Press,
_c1978
300 _bxix, 470 pages ;
_c24,3 cm.
650 _aLegal practice
_bLaw
942 _cBK
_6ALISON_BN_VRIES
999 _c848
_d848